| 000 | 00822nam a2200193 i 4500 | ||
|---|---|---|---|
| 001 | 42416 | ||
| 003 | ES-MaACL | ||
| 005 | 20251015063055.0 | ||
| 007 | t| | ||
| 008 | 030320s1799 fr ||||1| fre d | ||
| 100 | 1 |
_aCondillac, Étienne Bonnot de, _d1714-1780 _940142 |
|
| 245 | 1 | 0 | _aOeuvres philosophiques de Condillac. |
| 260 |
_aParis : _bChez Batilliot Frères, _cAn VII [1799] |
||
| 300 |
_a6 tomos en 2 vols. ; _c13 cm. |
||
| 505 | 8 | _aContiene: t. 1. Essai sur l'origine des connaissances humaines -- t. 2. Du langaje et de la Méthode -- t. 3. Traité des sensations t. 4. Dissertation sur la liberté. Extrait des sensations. Traité des animaux -- t. 5-6. Traité des systèmes. | |
| 650 | 0 | 7 |
_aFilosofía _2embne _912802 |
| 852 |
_aES-MaACL _jR-3469-70 _x.- Olim: G-3533-34 |
||
| 999 |
_c42416 _d42416 |
||